[Event "Titled Tuesday intern op 02nd Apr Early"]
[Site "Chess.com INT"]
[Date "2024.04.02"]
[Round "5"]
[White "Akhmedinov, Satbek"]
[Black "Kamsky, Gata"]
[Result "0-1"]
[WhiteElo "2286"]
[BlackElo "2610"]
[PlyCount "74"]
[EventDate "2024.04.02"]
[EventType "swiss (blitz)"]
[EventRounds "11"]
[EventCountry "USA"]
[SourceTitle "CB15_2024"]
[SourceDate "2024.04.10"]
[SourceVersion "1"]
[SourceVersionDate "2024.04.10"]
[SourceQuality "1"]

1. e4 e5 2. Nf3 Nc6 3. Bc4 Nf6 4. d3 h6 5. 0-0 d6 6. a4 g6 7. Nc3 Bg7 8. Re1 0-0 9. h3 Kh7 10. Bd2 a6 11. Ne2 d5 12. exd5 Nxd5 13. Nc3 Be6 14. Ne4 b6 15. c3 Qd7 16. Qc1 f5 17. Ng3 Qd6 18. Qc2 Rfe8 19. Rad1 Nf6 20. Bc1 Bxc4 21. dxc4 Qc5 22. b3 Rad8 23. Be3 Qf8 24. Bc1 Rxd1 25. Rxd1 Qf7 26. Nf1 e4 27. Nd4 Ne5 28. Ne3 Nd3 29. Ba3 c5 30. Ne2 f4 31. Nd5 Nxd5 32. cxd5 f3 33. Nc1 Nf4 34. d6 Qf5 35. d7 Rd8 36. g4 Nxh3+ 37. Kh2 Qxg4 0-1

[Event "Titled Tuesday intern op 02nd Apr Early"]
[Site "Chess.com INT"]
[Date "2024.04.02"]
[Round "8"]
[White "Manukian, Artak"]
[Black "Akhmedinov, Satbek"]
[Result "1-0"]
[WhiteElo "2196"]
[BlackElo "2286"]
[PlyCount "55"]
[EventDate "2024.04.02"]
[EventType "swiss (blitz)"]
[EventRounds "11"]
[EventCountry "USA"]
[SourceTitle "CB15_2024"]
[SourceDate "2024.04.10"]
[SourceVersion "1"]
[SourceVersionDate "2024.04.10"]
[SourceQuality "1"]

1. e4 Nf6 2. Nc3 d5 3. exd5 Nxd5 4. Bc4 Nb6 5. Bb3 e6 6. d4 Be7 7. Nf3 0-0 8. h4 Nc6 9. Bg5 h6 10. Bxe7 Qxe7 11. Qe2 a5 12. a3 a4 13. Ba2 Qf6 14. 0-0-0 Ra5 15. Ne4 Qf4+ 16. Kb1 Rd8 17. g3 Qf5 18. g4 Qf4 19. g5 Rf5 20. Nfd2 Nxd4 21. Qe1 Bd7 22. gxh6 Bc6 23. hxg7 Rd7 24. h5 Nf3 25. h6 Kh7 26. Nxf3 Qxf3 27. Rxd7 Nxd7 28. Rg1 1-0

[Event "Titled Tuesday intern op 12th Mar Early"]
[Site "Chess.com INT"]
[Date "2024.03.12"]
[Round "6"]
[White "Akhmedinov, Satbek"]
[Black "Hayrapetyan, Hovik"]
[Result "0-1"]
[WhiteElo "2314"]
[BlackElo "2432"]
[PlyCount "47"]
[EventDate "2024.03.12"]
[EventType "swiss (blitz)"]
[EventRounds "11"]
[EventCountry "USA"]
[SourceTitle "CB12_2024"]
[SourceDate "2023.10.01"]
[SourceVersion "1"]
[SourceVersionDate "2023.10.01"]
[SourceQuality "1"]

1. e4 c5 2. Nf3 d6 3. Bb5+ Nd7 4. d4 cxd4 5. Qxd4 a6 6. Be2 Ngf6 7. 0-0 g6 8. a4 Bg7 9. a5 0-0 10. Nc3 Qc7 11. h3 Nc5 12. Qe3 Be6 13. Ra3 Rac8 14. b4 Ncd7 15. Bb2 Bc4 16. Rc1 Bxe2 17. Nxe2 Qc4 18. Qd4 Qxd4 19. Nfxd4 Nxe4 20. Re3 f5 21. c4 Bh6 22. f4 e5 23. Ne6 Rfe8 24. Ng5 0-1

[Event "Titled Tuesday intern op 12th Mar Early"]
[Site "Chess.com INT"]
[Date "2024.03.12"]
[Round "1"]
[White "Akhmedinov, Satbek"]
[Black "Rushbrooke, Remy"]
[Result "1-0"]
[WhiteElo "2314"]
[BlackElo "2085"]
[PlyCount "55"]
[EventDate "2024.03.12"]
[EventType "swiss (blitz)"]
[EventRounds "11"]
[EventCountry "USA"]
[SourceTitle "CB12_2024"]
[SourceDate "2023.10.01"]
[SourceVersion "1"]
[SourceVersionDate "2023.10.01"]
[SourceQuality "1"]

1. e4 e5 2. Nf3 Nf6 3. d4 Nxe4 4. dxe5 d5 5. exd6 Bxd6 6. Bd3 Nf6 7. 0-0 0-0 8. Bg5 h6 9. Bh4 b6 10. Nc3 Bb7 11. Ne4 Be7 12. Bxf6 Bxf6 13. c3 Nd7 14. Qc2 Be7 15. Rad1 c5 16. Rfe1 Qc7 17. Ng3 Bf6 18. Be4 Bxe4 19. Qxe4 Rad8 20. Nh5 Qc8 21. Qg4 Rfe8 22. Rxe8+ Rxe8 23. Rxd7 Kh8 24. Nxf6 gxf6 25. h3 f5 26. Qxf5 Re6 27. Rxf7 Qe8 28. Qh7# 1-0

[Event "Titled Tuesday intern op 13th Feb Early"]
[Site "Chess.com INT"]
[Date "2024.02.13"]
[Round "3"]
[White "Akhmedinov, Satbek"]
[Black "Van Foreest, Machteld"]
[Result "1-0"]
[WhiteElo "2321"]
[BlackElo "2340"]
[PlyCount "25"]
[EventDate "2024.02.13"]
[EventType "swiss (blitz)"]
[EventRounds "11"]
[EventCountry "USA"]
[SourceTitle "CB08_2024"]
[SourceDate "2024.02.21"]
[SourceVersion "1"]
[SourceVersionDate "2024.02.21"]
[SourceQuality "1"]

1. e4 c5 2. Nf3 d6 3. Bb5+ Nd7 4. 0-0 Ngf6 5. Re1 a6 6. Bf1 e5 7. c3 Be7 8. d4 0-0 9. Nbd2 b6 10. Nc4 b5 11. Ne3 Nxe4 12. dxe5 Nxe5 13. Qd5 1-0

[Event "Titled Tuesday intern op 13th Feb Early"]
[Site "Chess.com INT"]
[Date "2024.02.13"]
[Round "6"]
[White "Akhmedinov, Satbek"]
[Black "Zakarian, David"]
[Result "0-1"]
[WhiteElo "2321"]
[BlackElo "2292"]
[PlyCount "47"]
[EventDate "2024.02.13"]
[EventType "swiss (blitz)"]
[EventRounds "11"]
[EventCountry "USA"]
[SourceTitle "CB08_2024"]
[SourceDate "2024.02.21"]
[SourceVersion "1"]
[SourceVersionDate "2024.02.21"]
[SourceQuality "1"]

1. e4 c5 2. Nf3 e6 3. Nc3 a6 4. d4 cxd4 5. Nxd4 Qc7 6. g3 Bb4 7. Bd2 Nf6 8. Bg2 Nc6 9. Nxc6 dxc6 10. 0-0 0-0 11. Bf4 e5 12. Bg5 Be7 13. a4 Be6 14. Qe2 b5 15. axb5 axb5 16. f4 Bc4 17. Qe1 Rxa1 18. Qxa1 Bxf1 19. Qxf1 Bc5+ 20. Kh1 Ng4 21. Nd1 f6 22. Bh4 Rd8 23. h3 Rxd1 24. Qxd1 0-1

[Event "Titled Tuesday intern op 13th Feb Early"]
[Site "Chess.com INT"]
[Date "2024.02.13"]
[Round "8"]
[White "Jovic, Stanoje"]
[Black "Akhmedinov, Satbek"]
[Result "0-1"]
[WhiteElo "2097"]
[BlackElo "2321"]
[PlyCount "118"]
[EventDate "2024.02.13"]
[EventType "swiss (blitz)"]
[EventRounds "11"]
[EventCountry "USA"]
[SourceTitle "CB08_2024"]
[SourceDate "2024.02.21"]
[SourceVersion "1"]
[SourceVersionDate "2024.02.21"]
[SourceQuality "1"]

1. c4 g6 2. g3 Bg7 3. Bg2 Nf6 4. Nc3 c6 5. Nf3 0-0 6. 0-0 d5 7. cxd5 Nxd5 8. d4 Nd7 9. e4 Nxc3 10. bxc3 Nb6 11. Qe2 Be6 12. Rd1 Bc4 13. Qe1 Na4 14. Ne5 Ba6 15. Ba3 c5 16. f4 Qc7 17. h4 Rad8 18. h5 cxd4 19. cxd4 Rfe8 20. Rac1 Qb6 21. Rb1 Qe6 22. Qb4 Nb6 23. hxg6 hxg6 24. d5 Qd6 25. Qxd6 exd6 26. Ng4 Be2 27. Ne3 Bxd1 28. Rxd1 f5 29. Bf3 fxe4 30. Bg4 Kf7 31. f5 Bh6 32. fxg6+ Kxg6 33. Nf5 Nc4 34. Bc1 Bxc1 35. Rxc1 b5 36. Nd4 e3 37. Nxb5 e2 38. Kf2 e1Q+ 39. Rxe1 Rxe1 40. Kxe1 a6 41. Nd4 Rb8 42. Be2 Rb1+ 43. Kf2 Rb2 44. Ke1 Ne5 45. Bxa6 Rxa2 46. Bc8 Nd3+ 47. Kf1 Kf6 48. g4 Ke5 49. Nb5 Kf4 50. Nc3 Rc2 51. Ne2+ Ke3 52. Ng3 Rc1+ 53. Kg2 Nf4+ 54. Kh2 Rc2+ 55. Kh1 Rc1+ 56. Kh2 Rc2+ 57. Kh1 Rxc8 58. Nf5+ Kf2 59. Nxd6 Rh8# 0-1

[Event "Titled Tuesday intern op 06th Feb Early"]
[Site "Chess.com INT"]
[Date "2024.02.06"]
[Round "5"]
[White "Manukyan, Sargis V"]
[Black "Akhmedinov, Satbek"]
[Result "1-0"]
[WhiteElo "2253"]
[BlackElo "2321"]
[PlyCount "43"]
[EventDate "2024.02.06"]
[EventType "swiss (blitz)"]
[EventRounds "11"]
[EventCountry "USA"]
[SourceTitle "CB07_2024"]
[SourceDate "2024.02.14"]
[SourceVersion "1"]
[SourceVersionDate "2024.02.14"]
[SourceQuality "1"]

1. d4 Nf6 2. c4 g6 3. Nc3 d5 4. cxd5 Nxd5 5. Bd2 Bg7 6. Nf3 Nxc3 7. Bxc3 0-0 8. Rc1 Nd7 9. e4 Nf6 10. Bd3 Bg4 11. h3 Bxf3 12. Qxf3 e5 13. d5 Ne8 14. g4 Nd6 15. h4 f5 16. gxf5 gxf5 17. exf5 e4 18. Qg4 Qd7 19. Rg1 Nxf5 20. Bxg7 exd3 21. Be5+ Kf7 22. Rxc7 1-0

[Event "Titled Tuesday intern op 14th Nov Early"]
[Site "Chess.com INT"]
[Date "2023.11.14"]
[Round "2"]
[White "Akhmedinov, Satbek"]
[Black "Senft, Sean"]
[Result "1-0"]
[WhiteElo "2335"]
[BlackElo "2107"]
[PlyCount "101"]
[EventDate "2023.11.14"]
[EventType "swiss (blitz)"]
[EventRounds "11"]
[EventCountry "USA"]
[SourceTitle "CB47_2023"]
[SourceDate "2023.11.22"]
[SourceVersion "1"]
[SourceVersionDate "2023.11.22"]
[SourceQuality "1"]

1. e4 c5 2. Nf3 d6 3. Bb5+ Bd7 4. c4 Nf6 5. Nc3 g6 6. d4 cxd4 7. Nxd4 Bg7 8. Be3 0-0 9. f3 Nc6 10. 0-0 Nxd4 11. Bxd4 Bxb5 12. cxb5 Nd7 13. Bxg7 Kxg7 14. Qd4+ Kg8 15. Rac1 Qb6 16. Rfd1 Qxd4+ 17. Rxd4 Rac8 18. Kf2 Rc5 19. Ra4 Ra8 20. Re1 Nb6 21. Rb4 Kf8 22. Kg3 e6 23. a4 Rc4 24. Rxc4 Nxc4 25. b3 Nb6 26. Rd1 Ke7 27. a5 Nd7 28. Rc1 Kd8 29. Na4 Rc8 30. Rxc8+ Kxc8 31. f4 Kc7 32. b4 a6 33. Nc3 Nf6 34. Kf3 d5 35. e5 Ne8 36. Ke3 Kd7 37. b6 h5 38. Kd4 Kc6 39. h3 h4 40. Nd1 Ng7 41. Nf2 Nf5+ 42. Kc3 Kb5 43. Ng4 Ne3 44. Nh6 Nxg2 45. Nxf7 Nxf4 46. Nd8 Nxh3 47. Nxb7 Nf4 48. Nd8 d4+ 49. Kb3 d3 50. b7 d2 51. b8Q# 1-0

[Event "Tsaghkadzor op"]
[Site "Tsaghkadzor"]
[Date "2023.09.26"]
[Round "8"]
[White "Ohanyan, Emin"]
[Black "Akhmedinov, Satbek"]
[Result "1/2-1/2"]
[WhiteElo "2490"]
[BlackElo "2026"]
[PlyCount "151"]
[EventDate "2023.09.20"]
[EventType "swiss"]
[EventRounds "9"]
[EventCountry "ARM"]
[SourceTitle "EXT 2024"]
[Source "ChessBase"]
[SourceDate "2023.10.10"]
[SourceVersion "1"]
[SourceVersionDate "2023.10.10"]
[SourceQuality "1"]

1. d4 Nf6 2. c4 g6 3. Nc3 d5 4. Nf3 Bg7 5. Qb3 c6 6. cxd5 cxd5 7. Bf4 0-0 8. e3 Nc6 9. h3 Na5 10. Qb4 Nc6 11. Qa3 Qa5 12. Qxa5 Nxa5 13. Ne5 Be6 14. g4 Ne4 15. Nxe4 dxe4 16. b4 Bxe5 17. dxe5 Nc4 18. Bg2 Bd5 19. Rd1 e6 20. Rd4 a5 21. Bxe4 axb4 22. Bxd5 exd5 23. 0-0 Rxa2 24. e4 b3 25. exd5 b5 26. d6 b2 27. Rdd1 Rd8 28. Bg5 Rd7 29. Bf6 Ra8 30. Rb1 Kf8 31. f4 Ke8 32. f5 Ra6 33. Rf2 Rda7 34. e6 fxe6 35. fxg6 hxg6 36. Bxb2 Rxd6 37. Bc3 Rd3 38. Bb4 Rh7 39. Ra1 Rdxh3 40. Rf8+ Kd7 41. Rd1+ Kc7 42. Rdd8 Rg3+ 43. Kf2 Rxg4 44. Rc8+ Kb7 45. Rb8+ Kc6 46. Rfc8+ Rc7 47. Rxc7+ Kxc7 48. Rxb5 Nd6 49. Kf3 Rg1 50. Ra5 Rb1 51. Ra7+ Kb6 52. Re7 Nf5 53. Rxe6+ Kb5 54. Bc3 Rb3 55. Kf4 Rxc3 56. Rxg6 Ne7 57. Rg1 Kc5 58. Ke4 Rc4+ 59. Ke5 Nc6+ 60. Kf6 Rf4+ 61. Kg5 Rf8 62. Rc1+ Kd6 63. Ra1 Ne7 64. Ra6+ Ke5 65. Ra5+ Nd5 66. Kg4 Rf4+ 67. Kg3 Rb4 68. Ra8 Rb3+ 69. Kf2 Kf4 70. Rf8+ Ke4 71. Re8+ Kd4 72. Rd8 Rd3 73. Ke2 Re3+ 74. Kf2 Re5 75. Ra8 Nc3 76. Kf3 1/2-1/2

[Event "Titled Tuesday intern op 12th Sep Early"]
[Site "Chess.com INT"]
[Date "2023.09.12"]
[Round "3"]
[White "Predke, Alexandr"]
[Black "Akhmedinov, Satbek"]
[Result "1-0"]
[WhiteElo "2652"]
[BlackElo "2026"]
[PlyCount "91"]
[EventDate "2023.09.12"]
[EventType "swiss (blitz)"]
[EventRounds "11"]
[EventCountry "USA"]
[SourceTitle "EXT 2024"]
[Source "ChessBase"]
[SourceDate "2023.10.10"]
[SourceVersion "1"]
[SourceVersionDate "2023.10.10"]
[SourceQuality "1"]

1. Nf3 Nf6 2. g3 g6 3. Bg2 Bg7 4. 0-0 0-0 5. d4 d5 6. a4 a5 7. Bf4 b6 8. c4 Bb7 9. Ne5 Nbd7 10. Nc3 e6 11. Rc1 Rc8 12. cxd5 exd5 13. Bh3 Rb8 14. Nxd7 Nxd7 15. Nb5 c6 16. Bxb8 Nxb8 17. Nc3 Na6 18. e3 Nb4 19. Re1 Qd6 20. Bf1 f5 21. Qb3 Rd8 22. Na2 c5 23. dxc5 bxc5 24. Nxb4 axb4 25. Red1 Bf6 26. Qc2 Rc8 27. b3 Kg7 28. Bg2 Bc3 29. Qd3 Rd8 30. Rxc3 bxc3 31. Qxc3+ d4 32. exd4 cxd4 33. Qd3 Bxg2 34. Kxg2 Qd5+ 35. Qf3 Qc5 36. h4 Rb8 37. Rd3 h5 38. Qd1 Rb4 39. Kg1 Kf6 40. Qd2 Kf7 41. Kh2 Ke7 42. a5 Qxa5 43. Rxd4 Rb5 44. Rd7+ Ke8 45. Qd6 Qb4 46. Qe6+ 1-0

[Event "Titled Tuesday intern op 05th Sep Early"]
[Site "Chess.com INT"]
[Date "2023.09.05"]
[Round "5"]
[White "Akhmedinov, Satbek"]
[Black "Smirnov, Mark1111"]
[Result "0-1"]
[WhiteElo "2026"]
[BlackElo "2005"]
[PlyCount "104"]
[EventDate "2023.09.05"]
[EventType "swiss (blitz)"]
[EventRounds "11"]
[EventCountry "USA"]
[SourceTitle "EXT 2024"]
[Source "ChessBase"]
[SourceDate "2023.10.10"]
[SourceVersion "1"]
[SourceVersionDate "2023.10.10"]
[SourceQuality "1"]

1. e4 c5 2. Nf3 Nc6 3. Bb5 g6 4. Bxc6 dxc6 5. d3 Bg7 6. h3 Nf6 7. 0-0 Nd7 8. Nc3 e5 9. Be3 Qe7 10. Qd2 f6 11. Nh2 Nf8 12. f4 exf4 13. Rxf4 Ne6 14. Rf2 0-0 15. Raf1 Nd4 16. Ne2 Nxe2+ 17. Qxe2 Be6 18. b3 Rae8 19. Qd2 f5 20. Bh6 fxe4 21. dxe4 Rxf2 22. Rxf2 Rd8 23. Qc1 Rf8 24. Rxf8+ Qxf8 25. Bxg7 Qxg7 26. Nf3 Qf6 27. Qe3 b6 28. c3 Kg7 29. Kh2 h6 30. Qd3 g5 31. g3 Bf7 32. e5 Qg6 33. Qe2 Be6 34. g4 Qf7 35. Qe4 Bd5 36. e6 Bxe4 37. exf7 Bxf3 38. Kg3 Bd5 39. c4 Bxf7 40. Kf3 Bg6 41. Ke3 Kf6 42. a3 Ke5 43. b4 cxb4 44. axb4 a5 45. c5 axb4 46. cxb6 Kd6 47. Kd4 c5+ 48. Kc4 Bf7+ 49. Kb5 b3 50. Ka6 b2 51. b7 b1Q 52. Ka7 Kc7 0-1

[Event "Titled Tuesday intern op 05th Sep Early"]
[Site "Chess.com INT"]
[Date "2023.09.05"]
[Round "6"]
[White "Nguyen, Hong Nhung"]
[Black "Akhmedinov, Satbek"]
[Result "0-1"]
[WhiteElo "1888"]
[BlackElo "2026"]
[PlyCount "108"]
[EventDate "2023.09.05"]
[EventType "swiss (blitz)"]
[EventRounds "11"]
[EventCountry "USA"]
[SourceTitle "EXT 2024"]
[Source "ChessBase"]
[SourceDate "2023.10.10"]
[SourceVersion "1"]
[SourceVersionDate "2023.10.10"]
[SourceQuality "1"]

1. e4 c5 2. Nc3 Nc6 3. Bb5 Nd4 4. Bc4 e6 5. Nge2 Ne7 6. 0-0 g6 7. d3 Bg7 8. Nxd4 cxd4 9. Nb5 d6 10. c3 dxc3 11. Nxc3 0-0 12. d4 d5 13. exd5 exd5 14. Bb3 Be6 15. Bg5 h6 16. Bxe7 Qxe7 17. Nxd5 Qd6 18. Qf3 Rfd8 19. Rfe1 Kh8 20. Rad1 a5 21. Nf4 Bxb3 22. axb3 b5 23. g3 Ra7 24. Ne2 Qb4 25. d5 Rad7 26. Nc3 Qxb3 27. Rd3 Qxb2 28. Red1 b4 29. Ne4 a4 30. d6 a3 31. Nc5 a2 32. Nxd7 Rxd7 33. Qa8+ Kh7 34. Qa4 a1Q 35. Rxa1 Qxa1+ 36. Qxa1 Bxa1 37. Kf1 Bc3 38. Ke2 Kg7 39. f4 Kf6 40. Kd1 Ke6 41. Kc2 Rxd6 42. Re3+ Kd7 43. Kb3 Rd2 44. h4 Rb2+ 45. Kc4 Bf6 46. Rd3+ Ke8 47. Rd5 b3 48. Rb5 Rc2+ 49. Kd3 Rc3+ 50. Ke4 b2 51. Rb6 Rc6 52. Rb8+ Kd7 53. h5 Kc7 54. Rb3 Rb6 0-1

[Event "Titled Tuesday intern op 05th Sep Early"]
[Site "Chess.com INT"]
[Date "2023.09.05"]
[Round "4"]
[White "Vargas Arteaga, Alexis"]
[Black "Akhmedinov, Satbek"]
[Result "0-1"]
[WhiteElo "2222"]
[BlackElo "2026"]
[PlyCount "46"]
[EventDate "2023.09.05"]
[EventType "swiss (blitz)"]
[EventRounds "11"]
[EventCountry "USA"]
[SourceTitle "EXT 2024"]
[Source "ChessBase"]
[SourceDate "2023.10.10"]
[SourceVersion "1"]
[SourceVersionDate "2023.10.10"]
[SourceQuality "1"]

1. e4 c5 2. Nf3 Nc6 3. d4 cxd4 4. Nxd4 Nf6 5. Nc3 e5 6. Ndb5 d6 7. Nd5 Nxd5 8. exd5 Nb8 9. Qf3 Be7 10. Qc3 Na6 11. Be3 0-0 12. Nxa7 f5 13. Bxa6 bxa6 14. Nc6 Qe8 15. Nxe7+ Qxe7 16. f3 f4 17. Bf2 Bf5 18. Qd2 Rab8 19. c4 e4 20. fxe4 Qxe4+ 21. Qe2 Rfe8 22. Qxe4 Rxe4+ 23. Kf1 Rxb2 0-1

[Event "Titled Tuesday intern op 08th Aug Early"]
[Site "Chess.com INT"]
[Date "2023.08.08"]
[Round "6"]
[White "Kamsky, Gata"]
[Black "Akhmedinov, Satbek"]
[Result "1-0"]
[WhiteElo "2641"]
[BlackElo "2106"]
[PlyCount "57"]
[EventDate "2023.08.08"]
[EventType "swiss (blitz)"]
[EventRounds "11"]
[EventCountry "USA"]
[SourceTitle "EXT 2024"]
[Source "ChessBase"]
[SourceDate "2023.10.10"]
[SourceVersion "1"]
[SourceVersionDate "2023.10.10"]
[SourceQuality "1"]

1. e4 c5 2. Nc3 Nc6 3. Bc4 e6 4. Nf3 g6 5. 0-0 Bg7 6. d3 Nge7 7. a3 d5 8. Ba2 0-0 9. Ne2 Qb6 10. c3 Bd7 11. Ng3 Rad8 12. Re1 Rfe8 13. e5 d4 14. c4 Nf5 15. Bg5 Rb8 16. Qd2 Qa5 17. Qf4 h6 18. Bf6 Bxf6 19. exf6 e5 20. Nxe5 Nxe5 21. Rxe5 Rxe5 22. Qxe5 Re8 23. Qf4 Re1+ 24. Rxe1 Qxe1+ 25. Nf1 Qa1 26. g4 Kh7 27. Qc7 Be6 28. gxf5 gxf5 29. Qg3 1-0

[Event "Astana Zhuldyzdary op-A"]
[Site "Astana"]
[Date "2023.07.12"]
[Round "2"]
[White "Balabayeva, Kseniya"]
[Black "Akhmedinov, Satbek"]
[Result "0-1"]
[WhiteElo "2239"]
[BlackElo "1974"]
[PlyCount "74"]
[EventDate "2023.07.11"]
[EventType "swiss"]
[EventRounds "10"]
[EventCountry "KAZ"]
[SourceTitle "CBM 215 Extra"]
[Source "ChessBase"]
[SourceDate "2023.09.30"]
[SourceVersion "1"]
[SourceVersionDate "2023.09.30"]
[SourceQuality "1"]

1. e4 e5 2. Nf3 Nc6 3. Bc4 Nf6 4. Nc3 Nxe4 5. Nxe4 d5 6. Bxd5 Qxd5 7. Nc3 Qd8 8. h3 Bb4 9. 0-0 0-0 10. d3 Re8 11. Ne4 f5 12. Neg5 Be7 13. c3 Qd5 14. c4 Qd8 15. Qb3 Nd4 16. Nxd4 Bxg5 17. Nf3 Bf6 18. Re1 c5 19. Be3 b6 20. Rad1 Bb7 21. Nh2 Qc7 22. Qc2 Rad8 23. f3 g6 24. Qc1 Qe7 25. Nf1 Rd7 26. Bf2 Qd8 27. Qe3 Re6 28. Bg3 e4 29. Qe2 e3 30. Qc2 Rde7 31. Re2 Qd4 32. f4 g5 33. fxg5 Bxg5 34. Nh2 Rg6 35. Qc3 Bf6 36. Qxd4 Bxd4 37. Bf4 Bxg2 0-1

[Event "Titled Tuesday intern op 04th Jul Early"]
[Site "Chess.com INT"]
[Date "2023.07.04"]
[Round "1"]
[White "Akhmedinov, Satbek"]
[Black "Freile Martin, Javier"]
[Result "1-0"]
[WhiteElo "1974"]
[BlackElo "2329"]
[PlyCount "93"]
[EventDate "2023.07.04"]
[EventType "swiss (blitz)"]
[EventRounds "11"]
[EventCountry "USA"]
[SourceTitle "EXT 2024"]
[Source "ChessBase"]
[SourceDate "2023.10.10"]
[SourceVersion "1"]
[SourceVersionDate "2023.10.10"]
[SourceQuality "1"]

1. e4 c5 2. Nf3 d6 3. Bb5+ Nd7 4. 0-0 Qc7 5. Re1 e5 6. c3 Ngf6 7. d4 Be7 8. dxe5 dxe5 9. Bg5 0-0 10. Nbd2 Nb6 11. Nc4 Bg4 12. h3 Bh5 13. Bxf6 Bxf6 14. Ne3 c4 15. Nd5 Nxd5 16. exd5 a6 17. Ba4 Rad8 18. Bc2 Qc5 19. Be4 Rd6 20. Qc2 Bg6 21. Nd2 Rxd5 22. Bxg6 hxg6 23. Ne4 Qb6 24. Qe2 Qc7 25. Rad1 Rfd8 26. Rxd5 Rxd5 27. Nd2 b5 28. Nf3 Qd6 29. a4 g5 30. axb5 axb5 31. Qe3 Rd3 32. Qa7 g6 33. Qb7 Qd5 34. Qxd5 Rxd5 35. Kf1 Kf8 36. Ke2 Ke7 37. Ra1 Rd7 38. Ra5 Rb7 39. g4 Ke6 40. Ra6+ Ke7 41. Nd2 Bg7 42. Ne4 f6 43. Nc5 Rc7 44. Ne6 Rb7 45. Nxg7 Kf7 46. Ne6 b4 47. Nd8+ 1-0

[Event "Titled Tuesday intern op 04th Jul Early"]
[Site "Chess.com INT"]
[Date "2023.07.04"]
[Round "9"]
[White "Akhmedinov, Satbek"]
[Black "Jovic, Stanoje"]
[Result "1-0"]
[WhiteElo "1974"]
[BlackElo "2075"]
[PlyCount "83"]
[EventDate "2023.07.04"]
[EventType "swiss (blitz)"]
[EventRounds "11"]
[EventCountry "USA"]
[SourceTitle "EXT 2024"]
[Source "ChessBase"]
[SourceDate "2023.10.10"]
[SourceVersion "1"]
[SourceVersionDate "2023.10.10"]
[SourceQuality "1"]

1. e4 c6 2. Nf3 d5 3. Nc3 Nf6 4. e5 Ne4 5. Ne2 Qb6 6. d4 f6 7. Ng3 Bg4 8. Be2 Bxf3 9. Bxf3 Nxg3 10. hxg3 fxe5 11. dxe5 Nd7 12. Bh5+ Kd8 13. e6 Nf6 14. Bg6 c5 15. Bf5 g6 16. Bxg6 Bg7 17. Bf5 Rc8 18. c3 Rc6 19. Qe2 Kc8 20. f3 Rd8 21. 0-0 d4 22. c4 Rcd6 23. Qd3 h5 24. Bf4 Rc6 25. Rfb1 Ne8 26. b4 cxb4 27. a3 Nd6 28. Rxb4 Qa6 29. Bxd6 Rdxd6 30. Rab1 b6 31. Qb3 Rc5 32. Rb5 Rdc6 33. Be4 Rc7 34. Bd5 Kb8 35. Qb4 Rxb5 36. cxb5 Qc8 37. Kh2 Rc1 38. Rxc1 Qxc1 39. Qxe7 Qc7 40. Qe8+ Qc8 41. Qf7 Qc7 42. e7 1-0

[Event "Titled Tuesday intern op 04th Jul Early"]
[Site "Chess.com INT"]
[Date "2023.07.04"]
[Round "4"]
[White "Akhmedinov, Satbek"]
[Black "Ter Sahakyan, Samvel"]
[Result "1-0"]
[WhiteElo "1974"]
[BlackElo "2604"]
[PlyCount "47"]
[EventDate "2023.07.04"]
[EventType "swiss (blitz)"]
[EventRounds "11"]
[EventCountry "USA"]
[SourceTitle "EXT 2024"]
[Source "ChessBase"]
[SourceDate "2023.10.10"]
[SourceVersion "1"]
[SourceVersionDate "2023.10.10"]
[SourceQuality "1"]

1. e4 c5 2. Nf3 e6 3. g3 d5 4. exd5 exd5 5. d4 cxd4 6. Nxd4 Nc6 7. Bg2 Bc5 8. Nxc6 bxc6 9. 0-0 Nf6 10. b3 0-0 11. Bb2 Ba6 12. Re1 Qb6 13. Kh1 Bxf2 14. Re7 Ne4 15. Bxe4 dxe4 16. Nc3 Rae8 17. Nxe4 Rxe7 18. Nf6+ Kh8 19. Qh5 h6 20. Qf5 g6 21. Qf4 Be3 22. Qd6 Qc7 23. Nd7+ Kh7 24. Qxc7 1-0

[Event "Titled Tuesday intern op 04th Jul Early"]
[Site "Chess.com INT"]
[Date "2023.07.04"]
[Round "8"]
[White "Makarian, Rudik"]
[Black "Akhmedinov, Satbek"]
[Result "1-0"]
[WhiteElo "2541"]
[BlackElo "1974"]
[PlyCount "91"]
[EventDate "2023.07.04"]
[EventType "swiss (blitz)"]
[EventRounds "11"]
[EventCountry "USA"]
[SourceTitle "EXT 2024"]
[Source "ChessBase"]
[SourceDate "2023.10.10"]
[SourceVersion "1"]
[SourceVersionDate "2023.10.10"]
[SourceQuality "1"]

1. Nf3 Nf6 2. g3 g6 3. Bg2 Bg7 4. 0-0 0-0 5. a4 d5 6. a5 c6 7. d4 Nbd7 8. c3 Re8 9. Bf4 Nh5 10. Bg5 h6 11. Bc1 e5 12. dxe5 Nxe5 13. Nxe5 Rxe5 14. Nd2 Bg4 15. Nf3 Re8 16. h3 Bd7 17. a6 b6 18. Ra4 c5 19. Rh4 Bc6 20. Rxh5 gxh5 21. Bf4 Bb5 22. Re1 Qd7 23. Nh4 Rad8 24. e3 d4 25. Qxh5 Qe6 26. Nf5 Kh7 27. g4 Qg6 28. Qh4 dxc3 29. bxc3 Bxc3 30. Nxh6 Bf6 31. g5 Bc3 32. Rc1 Bd2 33. Rd1 Be2 34. Ng4+ Kg7 35. Rxd2 Rxd2 36. Nf6 Rh8 37. Qg3 Rd1+ 38. Kh2 Bf1 39. Be5 Bxg2 40. Ng4+ Kg8 41. Bxh8 Be4 42. Qb8+ Kh7 43. Nf6+ Qxf6 44. Bxf6 Rh1+ 45. Kg3 Rg1+ 46. Kf4 1-0

[Event "Titled Tuesday intern op 20th Jun Early"]
[Site "Chess.com INT"]
[Date "2023.06.20"]
[Round "6"]
[White "Akhmedinov, Satbek"]
[Black "Donchenko, Alexander"]
[Result "0-1"]
[WhiteElo "1957"]
[BlackElo "2667"]
[PlyCount "56"]
[EventDate "2023.06.20"]
[EventType "swiss (blitz)"]
[EventRounds "11"]
[EventCountry "USA"]
[SourceTitle "EXT 2024"]
[Source "ChessBase"]
[SourceDate "2023.10.10"]
[SourceVersion "1"]
[SourceVersionDate "2023.10.10"]
[SourceQuality "1"]

1. e4 c6 2. Nc3 d5 3. Nf3 dxe4 4. Nxe4 Nf6 5. Qe2 Bf5 6. d3 e6 7. Bg5 Nbd7 8. 0-0-0 h6 9. Bh4 Be7 10. Nd4 Bh7 11. Nb3 a5 12. f4 a4 13. Nbd2 a3 14. b3 0-0 15. g4 Qc7 16. Bg3 Nxe4 17. Nxe4 Qb6 18. c3 Nc5 19. Nxc5 Qxc5 20. Be1 Rfd8 21. Bg2 Bf6 22. Kc2 b5 23. b4 Qd6 24. Bg3 Qd7 25. h4 Rac8 26. g5 Bxc3 27. Kxc3 Qd4+ 28. Kb3 Bxd3 0-1